000 00279nam a22001217a 4500
020 _a9789380902036
082 _a664.028
_bTRI/FO
100 _aTriveni, Prakash
_9461
245 _aFood Preservation
260 _aJaipur
_bAadi Publications
_c2010
300 _a290.00
942 _cBK
999 _c14327
_d14327